000 01398nam a2200397 a 4500
001 000018867
003 DO-SdBNP
005 20171208113059.0
007 000018867
008 100520s2007 sp a 000 0 spa d
020 _a8485009923 (obra completa)
020 _a9788485009930 (v. I)
020 _a9788485009947 (v. 2)
020 _a9788485009954 (v. 3)
040 _aBPMSU
_bspa
_cBPMSU
092 _a932
_bP667a
100 1 _aPirenne, Jacques
_d1891-
240 _aHistoire de la civilisation de l'Égypte ancienne.
_lspa
245 1 3 _aEl antiguo egipto /
_cJacques Pirenne ; edición Marta García ; traducción de Juan Maluquer de Motes.
260 _aMadrid :
_bInstituto Gallach :
_bGrupo Oceano ,
_c2007.
300 _a3 v. :
_bil. ;
_c30 cm.
651 4 _aEGIPTO
_xHISTORIA
651 4 _aEGIPTO
_xANTIGUEDADES
651 4 _aEGIPTO
_xCIVILIZACIÓN
700 1 2 _aGarcía, Marta
_eed.
700 1 _aMaluquer de Motes, Juan
_etr.
910 _aValidado. Control de calidad MFF
930 1 _lBND01
_mLF1
_820100520
_f04
_pOI
_g13018
_hv. 1
930 1 _lBND01
_mLF1
_820110301
_f04
_pOI
_g17129
_hv. 2
930 1 _lBND01
_mLF1
_820100520
_f01
_pOI
_g13017
_he. 3
942 _2ddc
_cBK
945 _aInventariado extranjero / 2017 YL
956 _aIGARCIA
_b10
_c20100625
_lBND01
_h1339
956 _aTMEREDITH
_b20
_c20100729
_lBND01
_h1453
956 _aVMATEO
_b10
_c20150923
_lBPMSU
_h00151
999 _c8284
_d8284